How to get into Indias best B schools in 2008 (Record no. 116834)
[ view plain ]
| 000 -LEADER | |
|---|---|
| fixed length control field | 00528nam a2200205Ia 4500 |
| 003 - CONTROL NUMBER IDENTIFIER | |
| control field | OSt |
| 005 - DATE AND TIME OF LATEST TRANSACTION | |
| control field | 20251204152508.0 |
| 008 - FIXED-LENGTH DATA ELEMENTS--GENERAL INFORMATION | |
| fixed length control field | 210210b2007 xxu||||| |||| 00| 0 eng d |
| 040 ## - CATALOGING SOURCE | |
| Transcribing agency | AL |
| 041 ## - LANGUAGE CODE | |
| Language code of text/sound track or separate title | eng |
| 082 ## - DEWEY DECIMAL CLASSIFICATION NUMBER | |
| Classification number | 658.002 BUSH |
| 100 ## - MAIN ENTRY--PERSONAL NAME | |
| Personal name | Business World |
| 9 (RLIN) | 71355 |
| 245 ## - TITLE STATEMENT | |
| Title | How to get into Indias best B schools in 2008 |
| Remainder of title | : Mega Indian B school guide |
| 260 ## - PUBLICATION, DISTRIBUTION, ETC. | |
| Place of publication, distribution, etc. | New Delhi |
| Name of publisher, distributor, etc. | A B P |
| Date of publication, distribution, etc. | 2007 |
| 300 ## - PHYSICAL DESCRIPTION | |
| Extent | 169p |
| 650 ## - SUBJECT ADDED ENTRY--TOPICAL TERM | |
| Topical term or geographic name entry element | to |
| 9 (RLIN) | 71356 |
| 690 ## - LOCAL SUBJECT ADDED ENTRY--TOPICAL TERM (OCLC, RLIN) | |
| Topical term or geographic name as entry element | Management Entrance |
| 9 (RLIN) | 71357 |
| 906 ## - LOCAL DATA ELEMENT F, LDF (RLIN) | |
| a | 062152 |
| 942 ## - ADDED ENTRY ELEMENTS (KOHA) | |
| Source of classification or shelving scheme | Dewey Decimal Classification |
| Koha item type | Book |
| Withdrawn status | Lost status | Source of classification or shelving scheme | Damaged status | Not for loan | Collection code | Home library | Current library | Date acquired | Source of acquisition | Cost, normal purchase price | Total Checkouts | Full call number | Barcode | Date last seen | Price effective from | Koha item type |
|---|---|---|---|---|---|---|---|---|---|---|---|---|---|---|---|---|
| Dewey Decimal Classification | Management | St Aloysius Library | St Aloysius Library | 02/17/2021 | Knowledge World | 150.00 | 658.002 BUSH | 062153 | 02/17/2021 | 02/17/2021 | Book | |||||
| Dewey Decimal Classification | Management | St Aloysius Library | St Aloysius Library | 02/17/2021 | Knowledge World | 150.00 | 658.002 BUSH | 062152 | 02/17/2021 | 02/17/2021 | Book |